Évoli et ses évolutions - Statistiques

Statistiques générales
  • Ce quiz a été pris 93 fois
  • Le résultat moyen est 8 sur 9
Statistiques - réponses
Type de quiz Nom % Correct
Normal Évoli
99%
Eau Aquali
97%
Feu Pyroli
97%
Ténèbre Noctali
95%
Électrique Voltali
88%
Glace Givrali
86%
Feuille Phyllali
84%
Psy Mentali
81%
Fée Nymphali
72%
Aucun quiz correspondant
Distribution des résultats
% des personnes avec chaque résultat
Percentile par nombre de réponses
Votre historique - résultats
Vous n’avez pas pris ce quiz